Sobre el impuesto a la tierra (Registro nro. 15424)

Detalles MARC
000 -LEADER
fixed length control field 00301 a2200109 4500
001 - CONTROL NUMBER
control field ART_18884
005 - DATE AND TIME OF LATEST TRANSACTION
control field 20260410161704.0
008 - FIXED-LENGTH DATA ELEMENTS--GENERAL INFORMATION
fixed length control field 260409a
100 1# - MAIN ENTRY--PERSONAL NAME
Personal name Cuello, Raúl E.
245 10 - TITLE STATEMENT
Title Sobre el impuesto a la tierra
773 0# - HOST ITEM ENTRY
Title Revista Impuestos
Related parts - Nº 8 (jul. 2010)
Record control number REV639

No hay ítems disponibles.